[Event "POL-chT DMP Ekstraliga 2019"]
[Site "Katowice"]
[Date "2019.09.02"]
[Round "6.14"]
[White "Bluebaum, Matthias"]
[Black "Duda, Jan-Krzysztof"]
[Result "1/2-1/2"]
[WhiteElo "2619"]
[BlackElo "2730"]
[Annotator "TA"]
[PlyCount "93"]
[EventDate "2019.08.28"]
[EventType "team-tourn"]
[EventCountry "POL"]
[SourceTitle "playchess.com"]
[Source "ChessBase"]
[SourceQuality "1"]

{[%evp 9,93,0,0,0,0,2,4,0,26,16,33,26,35,33,45,26,63,39,60,67,64,72,69,67,140,123,147,135,158,166,178,172,187,179,179,177,179,162,200,200,200,200,185,57,173,157,145,0,233,175,475,359,462,452,444,426,358,177,177,177,177,177,177,185,175,0,0,0,168,0,0,0,0,0,0,0,0,0,0,0,0,0,0,0,0,0]} 1. d4 Nf6 2. c4 e6 3. Nc3 Bb4 4. e3 O-O 5. Bd2 c5 6. a3 {E46: Nimzo-Indian: Rubinstein: 4 e3 0-0 5 Ne2 without early Bd3} Bxc3 7. Bxc3 Ne4 8. Ne2 d6 (8... b6 {is more complex.} 9. dxc5 bxc5 10. Qd3 f5 11. Ng3 Nxc3 12. Qxc3 Bb7) 9. dxc5 dxc5 10. Qc2 Nxc3 11. Nxc3 Qe7 $146 ({Predecessor:} 11... Nc6 12. Bd3 f5 13. O-O-O Qh4 14. f4 b6 15. g4 Qxg4 16. Rhg1 Qh4 17. Qg2 {1-0 (17) Sandipan,C (2579)-De Haan,E (2304) Caleta 2018}) 12. Bd3 h6 13. O-O-O $36 {[%mdl 2048] White has the initiative.} Bd7 14. f4 Bc6 15. Rhg1 Nd7 16. g4 Rfd8 (16... Rad8 $14) 17. g5 $16 h5 18. Be4 Bxe4 19. Nxe4 f5 20. gxf6 $1 Nxf6 21. Nxf6+ Qxf6 22. Rg5 Rxd1+ 23. Qxd1 $18 {[%mdl 4096] Endgame KQR-KQR} Rd8 24. Qxh5 b6 25. Qg4 Qf7 26. Rg6 (26. Kb1 $18) 26... Re8 {[#]} (26... e5 $1 $14) 27. h4 $1 Qd7 28. Qg5 ({Better is} 28. h5 $16) 28... Kf8 $2 (28... Re7 $1 $11) 29. Qh5 Qd3 $2 (29... Qf7 30. b3 Kg8) 30. Qh8+ {[%mdl 64] Double Attack} Ke7 31. Rxe6+ {[%mdl 64] [#] Deflection} Kxe6 32. Qxe8+ {KQ-KQ} Kf5 33. Qh5+ (33. Qe5+ $142 Kg4 34. Qxg7+ {[%mdl 64] Double Attack} Kf3 35. Qc3 (35. Qxa7 Qxc4+ 36. Kd2 Qe2+ {[%mdl 64] Double Attack} 37. Kc3 Qxe3+ {[%mdl 64] Double Attack} 38. Kc2 Qe4+ 39. Kc3 Qd4+ 40. Kc2 Qe4+ 41. Kc3 Qd4+ 42. Kc2 Qc4+ 43. Kd1 Qd4+ 44. Kc1 Qxf4+ 45. Kb1 Qe4+ 46. Kc1 Qe1+ 47. Kc2 Qf2+ 48. Kc1 Qe1+ 49. Kc2 Qf2+ 50. Kc1 Qe3+ 51. Kb1 Qe4+ 52. Ka1 Qe1+ 53. Ka2 Qe6+ 54. Kb1 Qe4+ $11)) 33... Ke4 34. Qe5+ Kf3 35. Qxg7 Qxe3+ 36. Kc2 {Qc3 is the strong threat.} Qxf4 37. Qh8 $2 ({And not} 37. Qxa7 Qxc4+ 38. Kd1 Qe2+ 39. Kc1 Qc4+ 40. Kd2 Qd4+ 41. Kc1 Qc4+ 42. Kd2 Qe2+ 43. Kc3 Qe3+ 44. Kc4 Qe2+ 45. Kc3 Qe3+ 46. Kc4 Qd4+ 47. Kb3 Qe3+ 48. Ka2 Qe6+ 49. Kb1 Qe4+ 50. Ka1 Qe1+ 51. Ka2 Qe6+ 52. Kb1 Qe4+ 53. Ka2 Qe6+ $11) (37. h5 $18 {Black must now prevent h6.} Qh2+ 38. Kb3 Qxh5 39. Qxa7) 37... Qe4+ $11 ({But not} 37... Qxc4+ $2 38. Qc3+ Qxc3+ 39. Kxc3 $18) 38. Kb3 Qd4 $2 (38... Kg4 $11 {and Black stays safe.}) 39. Qh5+ $2 ({White should try} 39. Qg8 $18) 39... Kg3 $1 {The position is equal.} 40. Qg5+ Kh3 $1 41. Qd5 {aiming for Qxd4.} Qe3+ $1 42. Ka2 Kxh4 43. Qd7 Qe4 44. Kb3 Kg5 45. Qf7 Qd4 46. Qf3 Kg6 47. Qf1 {Accuracy: White = 61%, Black = 52%.} 1/2-1/2

[Event "POL-chT DMP Ekstraliga 2019"]
[Site "Katowice"]
[Date "2019.09.02"]
[Round "6.15"]
[White "Navara, David"]
[Black "Janik, Igor"]
[Result "1-0"]
[WhiteElo "2724"]
[BlackElo "2483"]
[Annotator "TA"]
[PlyCount "57"]
[EventDate "2019.08.28"]
[EventType "team-tourn"]
[EventCountry "POL"]
[SourceTitle "playchess.com"]
[Source "ChessBase"]
[SourceQuality "1"]

{[%evp 11,57,35,40,6,14,6,58,58,42,64,49,41,50,49,58,47,86,87,85,70,105,81,161,167,162,152,148,150,150,165,155,158,164,158,260,303,397,391,695,698,1032,1004,5318,5289,5181,5181,29982,29983]} 1. e4 e5 2. Nf3 Nf6 3. Nxe5 d6 4. Nf3 Nxe4 5. d4 d5 6. Bd3 Nc6 7. Nc3 {C42: Petroff Defence: 3 Nxe5 and unusual White 3rd moves} Nxc3 8. bxc3 Bg4 ({Black should play} 8... Bd6 $11) 9. Rb1 $14 {White is slightly better.} Rb8 10. h3 Bh5 11. Bb5 {Qe2+ is the strong threat.} Bd6 $146 ({Predecessor:} 11... Be7 12. g4 Bg6 13. Ne5 O-O 14. Bxc6 bxc6 15. Nxc6 Rxb1 16. Nxd8 {1-0 (76) Leko,P (2734)-Gelfand,B (2739) Miskolc 2010}) 12. Qe2+ Kf8 13. O-O Ne7 14. Bd3 $36 {[%mdl 2048] White is on the roll.} f6 15. c4 dxc4 16. Bxc4 Qd7 (16... c6 $16 {is a better defense.}) 17. Re1 $18 Nc6 {Threatening ...Nxd4.} 18. Be6 Qe8 19. Bb2 Nd8 {[#]} 20. d5 $1 Nxe6 21. dxe6 Qa4 22. Qe3 {Threatens to win with Bxf6!} Bxf3 (22... h6 $16 23. Qd3 Kg8) 23. e7+ ({Worse is} 23. gxf3 Qf4 $11) 23... Ke8 {aiming for ...Bc6.} 24. Qxf3 h5 $2 {[#]} (24... a6 25. Bxf6 {[%mdl 64] Promotion} gxf6 26. Rxb7 Kf7) 25. Bxf6 $1 {[%mdl 512]} gxf6 26. Qxf6 Rg8 27. Qe6 Rg7 {[#]} 28. Rxb7 $1 {[%cal Rb7b8][%mdl 512]} Ra8 (28... Rxb7 29. Qc8+) 29. Reb1 {Accuracy: White = 92%, Black = 51%.} 1-0

[Event "POL-chT DMP Ekstraliga 2019"]
[Site "Katowice"]
[Date "2019.09.02"]
[Round "6.16"]
[White "Tomczak, Mikolaj"]
[Black "Gajewski, Grzegorz"]
[Result "0-1"]
[WhiteElo "2432"]
[BlackElo "2613"]
[Annotator "TA"]
[PlyCount "87"]
[EventDate "2019.08.28"]
[EventType "team-tourn"]
[EventCountry "POL"]
[SourceTitle "playchess.com"]
[Source "ChessBase"]
[SourceQuality "1"]

{[%evp 16,87,52,0,10,11,0,0,28,31,37,45,46,22,21,15,25,20,29,24,0,0,41,0,0,-10,0,0,72,64,68,-10,0,6,29,18,91,-16,-22,-29,-22,-24,-14,-32,0,0,0,-30,-14,-20,0,-98,-88,-136,-18,-45,-43,-220,-57,-39,0,0,0,0,0,-242,-239,-519,-551,-510,-540,-1285,-1369,-1173]} 1. e4 e5 2. Nf3 Nc6 3. Bb5 a6 4. Ba4 Nf6 5. O-O Bc5 6. c3 b5 7. Bb3 d6 8. d4 Bb6 9. Be3 (9. a4 $14) 9... O-O {C78: Ruy Lopez: Archangelsk and Möller Defences} 10. Nbd2 (10. h3 exd4 11. cxd4 Nxe4 12. Bd5 Qe8 13. Qc2 Nb4 14. Qxe4 Qxe4 15. Bxe4 d5 16. Bxh7+ Kxh7 17. Nc3 {1-0 (43) Harikrishna,P (2766)-Adhiban,B (2653) Wijk aan Zee 2017}) 10... Re8 11. h3 Bb7 {The position is equal.} 12. d5 Ne7 13. Bxb6 cxb6 14. a4 bxa4 15. Bxa4 b5 16. Bc2 Ng6 $146 ({Predecessor:} 16... Qb6 17. Re1 {½-½ (40) Nukin,A (2338)-Egorov,E (2355) Pavlodar 2010}) 17. Qe2 Nf4 18. Qe3 g5 19. g3 (19. Ne1 $14) 19... Nxh3+ $11 20. Kg2 Qd7 21. Rh1 Ng4 (21... Bc8 $1 $11) 22. Qe2 $1 $16 Ngxf2 {[#]} 23. Nxg5 $1 {[%mdl 512]} Nxg5 24. Qxf2 Qe7 (24... f5 $5) 25. Rh6 f5 (25... Rf8 $11) 26. Qxf5 (26. Rah1 $1 $16) 26... Rf8 $11 27. Qg4 {And now Rh5 would win.} Bc8 28. Qe2 $1 Qg7 29. Rhh1 Ra7 30. Raf1 {[#]} Rf4 $1 {[%mdl 512]} 31. Qe3 (31. Rxf4 exf4) 31... Raf7 {Threatens to win with ...Bh3+!} 32. Bd3 $1 Bd7 33. b3 (33. Rh2 $11 Rxf1 34. Bxf1) 33... a5 $17 34. c4 b4 (34... a4 $17 35. bxa4 (35. gxf4 Nxe4+ 36. Kh2 Rf6 37. Qh3 Rh6 {[%mdl 64] Pin} 38. Rf3 Bxh3 39. Rg1 Bf5+ 40. Rh3 Rxh3#) 35... bxa4) 35. c5 {[#]} (35. gxf4 {is a self mate.} Nxe4+ 36. Kh2 Qh6+ 37. Kg2 Qg6+ 38. Kh2 Qh5+ 39. Qh3 Qxh3+ 40. Kg1 Rg7#) 35... dxc5 $1 {[%mdl 512]} 36. Qxc5 $2 (36. Rh2 $15) 36... Ne6 $2 ({Black should try} 36... Rxf1 $19 37. Bxf1 Nh3 $1 {[%mdl 512]}) 37. Qe3 $1 $15 (37. dxe6 {[#] gets mated.} Qxg3+ $1 {[%mdl 512]} 38. Kxg3 Rg7+ 39. Kh3 Bxe6+ 40. Kh2 Rh4#) 37... Rxf1 38. Bxf1 Nf4+ 39. Kg1 Qg5 $40 {[%mdl 128] Black attacks.} 40. Qe1 $2 (40. Nc4 $11 {and White stays safe.}) 40... Nh5 $19 41. Kh2 $2 (41. Kg2 {keeps fighting.} Rg7 42. Nf3 Qxg3+ 43. Qxg3 Nxg3 44. Rh2) 41... Qh6 {( -> ...Nxg3+!). Black is clearly winning.} 42. Kg2 {[#]} Nf4+ $1 {[%mdl 512]} 43. Kg1 (43. gxf4 Rg7+) 43... Qb6+ 44. Kh2 {Accuracy: White = 39%, Black = 43%.} 0-1

[Event "POL-chT DMP Ekstraliga 2019"]
[Site "Katowice"]
[Date "2019.09.02"]
[Round "6.17"]
[White "Miton, Kamil"]
[Black "Czerwonski, Aleksander"]
[Result "1-0"]
[WhiteElo "2589"]
[BlackElo "2365"]
[Annotator "ChessBase"]
[PlyCount "75"]
[EventDate "2019.08.28"]
[EventType "team-tourn"]
[EventCountry "POL"]
[SourceTitle "playchess.com"]
[Source "ChessBase"]
[SourceQuality "1"]
[TimeControl "40/5400+30:1800+30"]

1. Nf3 {[%emt 0:00:00]} d6 {[%emt 0:00:00]} 2. d4 {[%emt 0:00:26]} Nf6 {[%emt 0:00:00]} 3. c4 {[%emt 0:00:33]} g6 {[%emt 0:00:01]} 4. g3 {[%emt 0:01:20]} Bg7 {[%emt 0:00:20]} 5. Bg2 {[%emt 0:00:08]} O-O {[%emt 0:00:06]} 6. O-O {[%emt 0:00:33]} c5 {[%emt 0:00:37]} 7. dxc5 {[%emt 0:03:59]} dxc5 {[%emt 0:00:35]} 8. Ne5 {[%emt 0:00:10]} Nfd7 {[%emt 0:01:48]} 9. Nd3 {[%emt 0:01:18]} Nc6 {[%emt 0:02:10]} 10. Nc3 {[%emt 0:02:41]} Nde5 {[%emt 0:04:17]} 11. Nxc5 {[%emt 0:31:35]} Nxc4 {[%emt 0:07:08]} 12. Qa4 {[%emt 0:08:18]} Nd6 {[%emt 0:06:15]} 13. Rd1 {[%emt 0:03:25]} Qb6 {[%emt 0:10:38]} 14. Nb3 {[%emt 0:01:41]} Be6 {[%emt 0:18:28]} 15. Be3 {[%emt 0:00:25]} Qc7 {[%emt 0:07:43]} 16. Nc5 {[%emt 0:01:47]} Bc4 {[%emt 0:02:35]} 17. Nxb7 {[%emt 0:11:11]} Qxb7 {[%emt 0:00:28]} 18. Bxc6 {[%emt 0:00:08]} Qxb2 {[%emt 0:02:00]} 19. Bxa8 {[%emt 0:00:15]} Rxa8 {[%emt 0:00:37]} 20. Qc6 {[%emt 0:02:11]} Rf8 {[%emt 0:04:26]} 21. Nd5 {[%emt 0:02:01]} Bxd5 {[%emt 0:01:36]} 22. Qxd5 {[%emt 0:00:07]} Qxe2 {[%emt 0:00:42]} 23. Rac1 {[%emt 0:00:32]} Qa6 {[%emt 0:08:06]} 24. Rc5 {[%emt 0:03:33]} Nf5 {[%emt 0:03:56]} 25. Ra5 {[%emt 0:01:05]} Qe2 {[%emt 0:01:24]} 26. Qd3 {[%emt 0:03:03]} Qg4 {[%emt 0:03:55]} 27. Bxa7 {[%emt 0:01:35]} e5 {[%emt 0:04:16]} 28. f3 {[%emt 0:01:55]} Qb4 {[%emt 0:01:47]} 29. Qa3 {[%emt 0:01:45]} Qb7 {[%emt 0:03:24]} 30. Qb3 {[%emt 0:00:29]} Qc6 {[%emt 0:00:47]} 31. Qd5 {[%emt 0:01:28]} Qc2 {[%emt 0:00:36]} 32. Qb3 {[%emt 0:02:42]} Qc6 {[%emt 0:01:04]} 33. Rc5 {[%emt 0:02:12]} Qa6 {[%emt 0:01:37]} 34. Rc7 {[%emt 0:00:16]} Qe2 {[%emt 0:01:18]} 35. Bc5 {[%emt 0:04:47]} Bh6 {[%emt 0:01:53]} 36. Qd3 {[%emt 0:03:12]} Qxa2 {[%emt 0:00:25]} 37. Bxf8 {[%emt 0:00:45]} Bxf8 {[%emt 0:00:58]} 38. Qd5 {[%emt 0:00:37]} 1-0

[Event "POL-chT DMP Ekstraliga 2019"]
[Site "Katowice"]
[Date "2019.09.02"]
[Round "6.18"]
[White "Cyfka, Karina"]
[Black "Socko, Monika"]
[Result "1/2-1/2"]
[WhiteElo "2413"]
[BlackElo "2436"]
[Annotator "NA"]
[PlyCount "84"]
[EventDate "2019.08.28"]
[EventType "team-tourn"]
[EventCountry "POL"]
[SourceTitle "playchess.com"]
[Source "ChessBase"]
[SourceQuality "1"]
[TimeControl "40/5400+30:1800+30"]

1. d4 {[%emt 0:00:00]} Nf6 {[%emt 0:00:00]} 2. c4 {[%emt 0:00:00]} c5 {[%emt 0:00:00]} 3. d5 {[%emt 0:00:00]} b5 {[%emt 0:00:00]} 4. cxb5 {[%emt 0:00:07]} a6 {[%emt 0:00:00]} 5. b6 {[%emt 0:00:04]} d6 {[%emt 0:01:23]} 6. Nc3 {[%emt 0:01:36]} Nbd7 {[%emt 0:00:05]} 7. a4 {[%emt 0:05:30]} a5 {[%emt 0:02:59]} 8. e4 {[%emt 0:02:48]} g6 {[%emt 0:05:16]} 9. Nf3 {[%emt 0:07:30]} Bg7 {[%emt 0:02:53]} 10. Bb5 {[%emt 0:04:10]} O-O {[%emt 0:01:43]} 11. O-O {[%emt 0:07:40]} Nxb6 {[%emt 0:02:13]} 12. h3 {[%emt 0:08:36]} Ne8 {[%emt 0:04:50]} 13. Re1 {[%emt 0:05:21]} Nc7 {[%emt 0:04:58]} 14. Bc6 {[%emt 0:00:18]} Rb8 {[%emt 0:01:14]} 15. e5 {[%emt 0:08:05]} Nc4 {[%emt 0:12:35]} 16. exd6 {[%emt 0:03:07]} exd6 {[%emt 0:02:02]} 17. Qe2 {[%emt 0:03:34]} Nb6 {[%emt 0:19:51]} 18. Bg5 {[%emt 0:02:24]} f6 {[%emt 0:00:43]} 19. Bf4 {[%emt 0:03:26]} Ba6 {[%emt 0:00:20]} 20. Qc2 {[%emt 0:05:16]} Nc4 {[%emt 0:06:48]} 21. b3 {[%emt 0:02:05]} Ne5 {[%emt 0:01:49]} 22. Nxe5 {[%emt 0:05:25]} fxe5 {[%emt 0:01:01]} 23. Be3 {[%emt 0:00:35]} Bc8 {[%emt 0:01:03]} 24. Ne4 {[%emt 0:04:12]} Bf5 {[%emt 0:01:03]} 25. Bd2 {[%emt 0:00:13]} Na6 {[%emt 0:00:53]} 26. Qc4 {[%emt 0:05:19]} Nb4 {[%emt 0:02:12]} 27. Bb5 {[%emt 0:01:18]} Kh8 {[%emt 0:03:50]} 28. Rac1 {[%emt 0:01:17]} Rc8 {[%emt 0:01:56]} 29. Bg5 {[%emt 0:02:09]} Qc7 {[%emt 0:00:12]} 30. Bd2 {[%emt 0:00:38]} Bxe4 {[%emt 0:02:50]} 31. Qxe4 {[%emt 0:01:02]} Qf7 {[%emt 0:01:07]} 32. f3 {[%emt 0:04:25]} Ra8 {[%emt 0:08:27]} 33. Bc4 {[%emt 0:00:30]} Qe7 {[%emt 0:01:13]} 34. Rf1 {[%emt 0:00:57]} Rf7 {[%emt 0:00:58]} 35. Rce1 {[%emt 0:00:34]} Raf8 {[%emt 0:00:51]} 36. Bc1 {[%emt 0:02:06]} Qd8 {[%emt 0:00:42]} 37. Bd2 {[%emt 0:00:37]} Rg8 {[%emt 0:04:02]} 38. Rc1 {[%emt 0:00:34]} Rgf8 {[%emt 0:00:39]} 39. Kh1 {[%emt 0:00:33]} Rf5 {[%emt 0:00:50]} 40. Kg1 {[%emt 0:00:00]} R5f7 {[%emt 0:00:00]} 41. Kh1 {[%emt 0:02:39]} Rf5 {[%emt 0:01:13]} 42. Kg1 {[%emt 0:01:15]} R5f7 1/2-1/2

[Event "POL-chT DMP Ekstraliga 2019"]
[Site "Katowice"]
[Date "2019.09.02"]
[Round "6.19"]
[White "Mista, Aleksander"]
[Black "Harikrishna, Pentala"]
[Result "0-1"]
[WhiteElo "2599"]
[BlackElo "2738"]
[Annotator "TA"]
[PlyCount "228"]
[EventDate "2019.08.28"]
[EventType "team-tourn"]
[EventCountry "POL"]
[SourceTitle "playchess.com"]
[Source "ChessBase"]
[SourceQuality "1"]

{[%evp 25,228,36,23,12,12,12,16,0,13,0,0,0,21,0,0,0,0,-11,0,-15,-9,-8,0,-6,-20,-11,-19,-20,0,0,0,0,0,0,19,0,0,0,0,0,1,1,1,0,0,-3,-3,-38,-38,-39,-33,-36,-36,-78,-78,-78,-20,-78,-78,-100,-97,-94,-83,-94,-78,-125,-125,-125,-122,-122,-112,-114,-69,-69,-69,-69,-69,-69,-70,-70,-64,-80,-80,-80,-80,-85,-62,-72,-72,-82,-85,-120,-119,-116,-123,-123,-123,-123,-116,-114,-62,-56,-59,-85,-29,-27,-26,-26,-26,-37,-34,-37,-37,-37,-31,-44,-14,-14,-14,-14,-8,-297,-14,-80,0,-14,0,-52,-46,-69,-8,-8,0,-14,-8,-8,0,-14,-8,-8,0,0,0,-14,-14,-14,-14,-20,-8,-8,0,-8,0,-18,0,-8,0,-8,0,-43,-22,-22,-22,-22,-8,-41,-43,-43,-43,-43,0,-45,0,-22,0,-22,0,0,0,-12,0,0,0,0,0,-22,-12,-12,0,-12,0,-8,0,-29966,-29969,-29971,-29971,-29971,-29972,-29972,-29973,-29974,-29973,-29980,-29980]} 1. e4 e5 2. Nf3 Nc6 3. Bb5 a6 4. Ba4 Nf6 5. O-O Be7 6. Re1 b5 7. Bb3 O-O 8. c3 d5 9. exd5 Nxd5 10. Nxe5 Nxe5 11. Rxe5 c6 12. d3 Bd6 13. Re1 Bf5 14. Bxd5 {C89: Closed Ruy Lopez: Marshall Attack} (14. Qf3 Qh4 15. g3 Qh3 16. Nd2 Rae8 17. Ne4 Bg4 18. Qg2 Qxg2+ 19. Kxg2 f5 20. h3 Bh5 21. Bf4 Bxf4 22. gxf4 fxe4 23. dxe4 {½-½ (43) Radjabov,T (2756)-Ding,L (2812) Shamkir 2019}) 14... cxd5 15. Be3 Re8 $146 ({Predecessor:} 15... Qh4 16. g3 Qh3 17. Qe2 Rae8 18. Nd2 Bg4 19. Qf1 Qh5 20. f3 Bh3 21. Qf2 Qg6 {1-0 (44) Kveinys,A (2509)-Petrosyan,T (2462) Riga 2016}) 16. Nd2 {The position is equal.} Bxd3 17. Nb3 Bg6 18. Bc5 Bc7 19. Qd2 Qd7 20. Rxe8+ Rxe8 21. Re1 h6 22. Nd4 Re4 23. g3 Qe8 24. Nc2 Rxe1+ 25. Nxe1 Qe4 26. a3 Kh7 27. f3 Qb1 28. Kg2 Bd8 29. h4 a5 30. Kh2 Bc7 31. Kg2 Qf5 32. Bf2 h5 33. Qe2 Qd7 34. Qe3 Bd6 35. Nd3 Qf5 36. Nc5 Bxc5 37. Qxc5 Qb1 38. b4 ({Don't go for} 38. Qxb5 $2 Bd3 $19) 38... Bd3 {Threatens to win with ...Bf1+.} 39. Qe3 (39. bxa5 Bf1+ 40. Kg1 Bh3+ 41. Be1 Qxe1+ $19) 39... axb4 40. axb4 Qf1+ 41. Kh2 Be2 $1 ({Much worse is} 41... Bf5 42. Qe1 $11) 42. g4 hxg4 43. fxg4 Bxg4 44. Kg3 Bh5 45. Qe5 Qd3+ 46. Be3 Bg6 47. Qd4 Qe2 48. Qd2 Qh5 49. Bd4 $1 f6 50. Qf4 Bf5 51. Qf3 Qg6+ 52. Kf4 Be6 53. Ke3 Qh6+ 54. Qf4 Qh5 55. Kd2 Bf5 56. Qf1 Bd7 57. Qf4 Qg6 58. Qf3 Qh6+ 59. Be3 Qxh4 60. Qxd5 Qh2+ 61. Kd3 Be8 $1 62. Kd4 Qh3 (62... Qb8 $17 63. Qh1+ Kg8) 63. c4 $15 bxc4 {...Bg6 is the strong threat.} 64. Qxc4 Bg6 (64... Qd7+ $17 65. Kc3 Qb7) 65. b5 $11 Qf5 {[%csl Gf6][%cal Rf5e5]} 66. Kc3 Qe5+ 67. Kd2 Qb2+ 68. Ke1 Qb1+ 69. Kd2 Be4 70. b6 f5 71. Ke2 Qb2+ 72. Ke1 Kg6 73. Qd4 $2 {[%mdl 8192] [#]} (73. Qe6+ $11 {and White is okay.} Kh7 74. Qc4) 73... Qb1+ $2 ({Better is} 73... Qxd4 $1 $19 74. Bxd4 Kh6) 74. Kf2 (74. Ke2 $1 $11 {was the only way to keep the balance.}) 74... Qc2+ ({Black should play} 74... Qh1 $17 75. Qd6+ Kh5) 75. Qd2 Qc6 76. Qc1 ({White should try} 76. Qd8 $11) 76... Qf6 $15 77. Qc7 Qb2+ (77... Kh5 $1 $15) 78. Ke1 $11 Kh7 79. Qc4 Qe5 80. Qc7 $132 {[%mdl 2048] White is fighting back} Qa1+ 81. Qc1 Qf6 82. Qc7 Qh4+ 83. Kd2 Qh3 84. Qc4 Qh2+ 85. Qe2 Qh4 86. Qc4 Qd8+ 87. Ke1 Qf6 88. Qc7 Qb2 89. Qc4 Kg6 90. Qc7 Qg2 91. Bd4 Kh7 92. Be3 Bf3 {[%csl Gf3][%cal Rg2e2]} 93. Qc4 Qg3+ 94. Kd2 Be4 95. Qe2 Kg6 96. Qc4 Qh2+ 97. Ke1 Qg3+ 98. Kd2 $1 Kh7 99. Qe2 Qh3 100. Qf2 Qh5 101. Qg3 Qh1 102. Qf2 Qh3 103. Qf4 $1 Qg2+ 104. Ke1 Kg6 105. Qf2 Qh1+ 106. Kd2 Bf3 107. Bd4 f4 108. Kc3 Kh7 109. Kb2 $2 {[%mdl 8192] [#]} (109. b7 $11 Qa1+ 110. Kb4 Qb1+ 111. Kc3 Qxb7 112. Qh4+ Kg8 113. Qxf4) 109... Qg2 $1 {[%cal Rg2f2] Black mates.} 110. Qxg2 Bxg2 111. Kc3 g5 112. Bf6 Kg6 113. Bd8 Bb7 114. Kd4 Kf5 {Accuracy: White = 51%, Black = 45%.} 0-1

[Event "POL-chT DMP Ekstraliga 2019"]
[Site "Katowice"]
[Date "2019.09.02"]
[Round "6.20"]
[White "Bartel, Mateusz"]
[Black "Moranda, Wojciech"]
[Result "1-0"]
[WhiteElo "2612"]
[BlackElo "2597"]
[Annotator "TA"]
[PlyCount "175"]
[EventDate "2019.08.28"]
[EventType "team-tourn"]
[EventCountry "POL"]
[SourceTitle "playchess.com"]
[Source "ChessBase"]
[SourceQuality "1"]

{[%evp 11,175,20,14,0,0,0,10,0,6,-16,8,0,0,0,19,-27,5,-9,-21,-56,-32,-45,-11,-98,-54,-36,-46,-39,-32,-64,-53,-81,-50,-67,-28,-46,-39,-49,0,0,11,10,7,8,6,6,18,6,7,6,11,0,0,0,0,0,8,7,0,8,8,8,31,26,50,0,19,10,18,20,23,23,0,7,17,17,20,0,17,17,15,8,16,18,40,39,48,43,54,41,62,16,27,22,82,20,18,12,19,0,0,0,0,0,0,0,18,0,0,0,28,24,24,35,127,129,507,53,45,49,323,320,320,320,311,311,307,208,407,401,392,383,412,412,412,412,412,412,404,385,4137,4137,4137,1055,4137,4137,4141,4141,29982,29982,4133,777,763,647,4133,4133,4133,711,29984,29985,29993,29994,29995,29993,29997,29998]} 1. e4 c5 2. Nf3 d6 3. d4 cxd4 4. Nxd4 Nf6 5. Nc3 a6 6. g3 e5 7. Nf3 {B91: Sicilian Najdorf: 6 g3} Be7 8. Nh4 O-O 9. Bg2 {The position is equal.} Bg4 10. Qd2 $146 ({Predecessor:} 10. Bf3 Bxf3 11. Qxf3 Nc6 12. Nf5 Nd4 13. Nxd4 exd4 14. Ne2 Qa5+ {½-½ (22) Kryvoruchko,Y (2686)-Vignesh,N (2466) Abu Dhabi 2019}) 10... g6 11. h3 Bd7 12. O-O Bc6 13. a4 Nbd7 14. Rd1 b5 15. Qe1 Qc7 (15... b4 $5 {[%cal Rb4c3]} 16. Nd5 Bxd5 17. exd5 Qc7 $11) 16. Bh6 Rfc8 17. Qe3 (17. Qd2 $11) 17... Kh8 (17... b4 {keeps more tension.} 18. Nd5 Bxd5 19. exd5 Qxc2 20. Rd2 Qc7) 18. axb5 axb5 19. Rxa8 Rxa8 20. Bg5 b4 21. Nb1 Ba4 22. Rc1 Bxc2 23. Nc3 b3 24. Nf3 Qc5 (24... Ng8 $5 {[%cal Rf7f6]} 25. Nd5 Qd8 26. Bxe7 Nxe7 $11) 25. Ne1 Rb8 26. Nxc2 bxc2 27. Rxc2 Qxe3 28. Bxe3 Bd8 29. Bf1 Bb6 30. Bxb6 Rxb6 31. Bc4 Kg7 32. f3 Nc5 33. Kf2 Kf8 34. h4 Rb4 35. Na2 Rb8 36. b4 Ncd7 37. Bb3 Ke7 38. Ke3 Ra8 39. Kd3 Ra3 40. Kc3 Ra7 41. Kb2 Rb7 42. g4 Ne8 43. Bd5 Rb8 44. g5 Nb6 45. Bb3 Rb7 46. Rf2 Nc7 47. f4 exf4 48. Rxf4 Ne6 49. Rf1 Ke8 50. Rd1 Kd7 51. e5 Nc8 52. Bc4 Rb6 (52... Kc7 $11) 53. Ka3 (53. b5 $16) 53... Ke8 $1 $11 54. Nc3 {Threatens to win with Na4.} dxe5 55. Nd5 {[#] Nf6+ is the strong threat.} Rb7 56. Ba6 Ra7 57. b5 Nd4 {Hoping for ...Nxb5+.} 58. Kb4 Nd6 59. Kc5 Ne4+ 60. Kc4 Kd7 61. Re1 Nd6+ 62. Kc5 Nb3+ {[#]} ({Black should play} 62... Ne6+ $14 63. Kb6 Ra8) 63. Kb4 $1 $16 {[%cal Rb4b3][%mdl 1024] White has strong compensation.} Ke6 $2 {[%mdl 8192]} (63... Nd4 $16 64. Rxe5 N6f5) 64. Nf4+ $2 ({White has to play} 64. b6 $18 Rxa6 65. Nc7+ {[%mdl 64] Double Attack} Kd7 66. Nxa6) 64... Kf5 $14 65. Nd3 e4 $2 {[%mdl 8192]} (65... Nd2 $14) 66. Rf1+ $18 Kg4 67. Ne5+ ({Weaker is} 67. Kxb3 exd3 68. Ra1 d2 $17) 67... Kxh4 68. Kxb3 Kxg5 69. Nc4 Nxb5 $2 (69... Nxc4 {was worth a try.} 70. Kxc4 f5) 70. Bxb5 f5 71. Kc3 Ra2 72. Kd4 Kf6 73. Bc6 Rh2 74. Ra1 Rh3 75. Ne3 h5 $2 (75... Rh2 76. Nd5+ Ke6 77. Nf4+ Kf6) 76. Nd5+ Kg7 77. Rg1 (77. Nf4 $142 Rg3 78. Ke5) 77... Rh4 78. Ne3 {Nxf5+ would kill now.} Kf7 79. Ke5 {White threatens Bd5+ and mate.} Rh3 80. Bd5+ Ke7 81. Kd4 (81. Nc2 $142 e3 82. Rxg6) 81... Kf6 82. Bc6 h4 83. Nd5+ Kf7 84. Ke5 (84. Nf4 $142 Rg3 85. Rxg3 hxg3 86. Ke5) 84... Rh2 85. Nf4 {White mates.} e3 86. Bd5+ Ke8 87. Rxg6 e2 88. Kd6 {Accuracy: White = 51%, Black = 29%.} 1-0

[Event "POL-chT DMP Ekstraliga 2019"]
[Site "Katowice"]
[Date "2019.09.02"]
[Round "6.21"]
[White "Dziuba, Marcin"]
[Black "Tazbir, Marcin"]
[Result "1/2-1/2"]
[WhiteElo "2568"]
[BlackElo "2521"]
[Annotator "ChessBase"]
[PlyCount "39"]
[EventDate "2019.08.28"]
[EventType "team-tourn"]
[EventCountry "POL"]
[SourceTitle "playchess.com"]
[Source "ChessBase"]
[SourceQuality "1"]
[TimeControl "40/5400+30:1800+30"]

1. Nf3 {[%emt 0:00:00]} Nf6 {[%emt 0:00:00]} 2. g3 {[%emt 0:00:00]} b5 {[%emt 0:04:46]} 3. Bg2 {[%emt 0:00:17]} Bb7 {[%emt 0:00:14]} 4. O-O {[%emt 0:00:36]} e6 {[%emt 0:01:03]} 5. b3 {[%emt 0:04:27]} Be7 {[%emt 0:03:06]} 6. c4 {[%emt 0:01:14]} a6 {[%emt 0:00:39]} 7. d3 {[%emt 0:09:55]} d5 {[%emt 0:03:04]} 8. Nbd2 {[%emt 0:03:32]} O-O {[%emt 0:01:04]} 9. Bb2 {[%emt 0:09:15]} c5 {[%emt 0:01:50]} 10. cxd5 {[%emt 0:05:43]} Nxd5 {[%emt 0:02:49]} 11. Qc2 {[%emt 0:11:40]} Nd7 {[%emt 0:01:49]} 12. Rfc1 {[%emt 0:00:12]} Rc8 {[%emt 0:02:17]} 13. Ne4 {[%emt 0:05:29]} Qb6 {[%emt 0:04:44]} 14. Qd2 {[%emt 0:13:18]} Rfd8 {[%emt 0:03:15]} 15. a3 {[%emt 0:04:46]} h6 {[%emt 0:03:09]} 16. Nc3 {[%emt 0:04:47]} Bf6 {[%emt 0:07:35]} 17. Nxd5 {[%emt 0:08:17]} Bxd5 {[%emt 0:05:46]} 18. Bxf6 {[%emt 0:01:41]} Nxf6 {[%emt 0:01:13]} 19. Qb2 {[%emt 0:00:31]} Rc7 {[%emt 0:02:09]} 20. Rc2 {[%emt 0:00:20]} 1/2-1/2